=LDR 00000nam 2200000 4500 =001 INLIS000000000013235 =005 20250307014435 =035 ##$$a 0010-061300000013235 =008 250307###########################0###### =041 ##$$a Ind =082 ##$$a 591.504 =090 ##$$a 591.504, Sui e =100 ##$$a Suin, Nurdin Muhammad =245 1#$$a Ekologi hewan tanah, Nurdin Muhammad Suin =260 ##$$a 2003 :$b Jakarta =300 ##$$a 189 hlm, ilus, 21 cm =650 #4$$a Ekologi binatang tanah =850 ##$$a NBPNMAT